| 000 | 00475cam a2200169 4500 | ||
|---|---|---|---|
| 001 | D13944 | ||
| 008 | 090401t1936 xxu||||| |||| 00| 0 eng d | ||
| 035 | _a(Sirsi) u12412 | ||
| 041 | _aeng | ||
| 110 |
_aSociete Internationale De Photogrammetrie _92834 |
||
| 245 | _aQuatrieme Congres International de Photogrammetrie tenu a Paris du 26 Novembre au 1er Decembre 1934 | ||
| 260 |
_aParis _c1936 |
||
| 350 | _a0 | ||
| 520 | _aShelf 135 | ||
| 942 | _n0 | ||
| 948 | _c04/03/1997 | ||
| 999 |
_c86988 _d86988 |
||